| 000 | 01038nam a2200289 i 4500 | ||
|---|---|---|---|
| 003 | EG-GICUC | ||
| 005 | 20260425183201.0 | ||
| 008 | 260425s1922 fr |||f |||| 000 0 fre d | ||
| 040 |
_aEG-GiCUC _bfre _cEG-GiCUC _dEG-GiCUC _eRda |
||
| 041 | _afre | ||
| 082 | 0 | 4 |
_221 _a343.5 _bVA. I |
| 092 | 0 | 4 | _221 |
| 099 | _aLaw1 10 343.5 VA. I 1922 1010682 | ||
| 100 | 1 |
_aVabres, H. Donnedieu De _eAuteur |
|
| 245 | 1 | 4 |
_aIntroduction A L'etude Du Droit Penal International : _bEssai D'histoire Et De Critique B Vai Compétence Criminelle Dans Les Rapports Avec L'étranger / _cPar H. Donnedieu De Vabres. |
| 264 | 1 |
_aParis : _bLibrairie De La Société Du Recueil Sirey, _c1922. |
|
| 300 |
_a482 pages ; _c24 cm. |
||
| 336 |
_2rda contenu _a texte |
||
| 337 |
_2rda medias _aOrdinateur |
||
| 338 |
_2 transporteur rda _a Ressource en ligne |
||
| 650 | 1 | 4 | _aDroit pénal |
| 650 | 1 | 4 | _aDroit pénal international |
| 651 | 1 | _2qrmak | |
| 856 | 4 | 0 | _uhttps://fll.law.cu.edu.eg/fulltext/bks/B10-10682.pdf |
| 905 | _a164 | ||
| 942 |
_2ddc _n0 _cBK _e21 |
||
| 999 |
_c73347 _d73347 |
||